[Event "XXVI Festival Conca della Presolana A"]
[Site "Bratto - Castione della Presolana ITA"]
[Date "2006.08.27"]
[Round "9"]
[White "Epishin, Vladimir V."]
[Black "Brunello, Sabino"]
[Result "0-1"]
[WhiteElo "2555"]
[BlackElo "2391"]
[PlyCount "90"]
[EventDate "2006.08.19"]

1. d4 Nf6 2. c4 e6 3. Nf3 b6 4. Nc3 Bb7 5. Bg5 h6 6. Bh4 Bb4 7. Nd2 Bxc3 8.
bxc3 d6 9. f3 Nbd7 10. e4 e5 11. Be2 g5 12. Bf2 Nh5 13. Nf1 Nf4 14. Ne3 Qf6 15.
Bf1 h5 16. g3 Ne6 17. Nd5 Qg6 18. Bd3 exd4 19. cxd4 c6 20. Nc3 Qf6 21. Bc2 h4
22. g4 c5 23. Ba4 Nxd4 24. Bxd4 cxd4 25. Nb5 Rc8 26. O-O Rxc4 27. Qb3 Rc5 28.
Nxa7 Qf4 29. Rad1 Ke7 30. Bxd7 Kxd7 31. Rxd4 Ba6 32. Rxd6+ Qxd6 33. Rd1 Qxd1+
34. Qxd1+ Kc7 35. Qb3 Rd8 36. Kf2 Bc4 37. Qb4 Kb7 38. a4 Kxa7 39. a5 Bb5 40.
axb6+ Kxb6 41. Qb2 Rd1 42. Qf6+ Ka5 43. Qb2 Rd3 44. Qa2+ Ba4 45. Qa1 Rc2+ 0-1

[Event "XXVI Festival Conca della Presolana A"]
[Site "Bratto - Castione della Presolana ITA"]
[Date "2006.08.27"]
[Round "9"]
[White "Faccia, Sergio"]
[Black "Vivo, Mario"]
[Result "0-1"]
[WhiteElo "2035"]
[BlackElo "2165"]
[PlyCount "34"]
[EventDate "2006.08.19"]

1. e4 c5 2. b4 b6 3. bxc5 bxc5 4. Nf3 Nc6 5. Bc4 e6 6. e5 d5 7. Bb5 Bd7 8. c4
Nge7 9. Nc3 d4 10. Ne4 Ng6 11. Qe2 Nf4 12. Qd1 Nd3+ 13. Kf1 Ncxe5 14. Nxe5 Nxe5
15. Qa4 a6 16. Bxd7+ Qxd7 17. Qa5 Nxc4 0-1

[Event "XXVI Festival Conca della Presolana A"]
[Site "Bratto - Castione della Presolana ITA"]
[Date "2006.08.27"]
[Round "9"]
[White "Ferretti, Folco"]
[Black "Brun, Dario"]
[Result "1-0"]
[WhiteElo "2254"]
[BlackElo "2040"]
[PlyCount "29"]
[EventDate "2006.08.19"]

1. Nf3 d5 2. c4 c6 3. g3 dxc4 4. Bg2 Nf6 5. O-O b5 6. a4 Bb7 7. b3 cxb3 8. Qxb3
Qb6 9. Ne5 e6 10. Na3 Qc7 11. Nxb5 Qxe5 12. d4 Qxe2 13. Nc7+ Kd8 14. Qxb7 Bd6
15. Nxa8 1-0

[Event "XXVI Festival Conca della Presolana A"]
[Site "Bratto - Castione della Presolana ITA"]
[Date "2006.08.27"]
[Round "9"]
[White "Ferro, Mario"]
[Black "Piscopo, Pierluigi"]
[Result "0-1"]
[WhiteElo "2238"]
[BlackElo "2393"]
[PlyCount "30"]
[EventDate "2006.08.19"]

1. d4 Nf6 2. Bg5 e6 3. Nc3 d5 4. e4 dxe4 5. Nxe4 Be7 6. Bxf6 gxf6 7. Qd3 a5 8.
Rd1 a4 9. g4 h5 10. gxh5 Qd5 11. Bg2 Qxh5 12. Qg3 Na6 13. c3 Kf8 14. Qf3 Qxf3
15. Bxf3 15... c6 {...} 0-1

[Event "XXVI Festival Conca della Presolana A"]
[Site "Bratto - Castione della Presolana ITA"]
[Date "2006.08.27"]
[Round "9"]
[White "Fierro Baquero, Martha Lorena"]
[Black "Groszpeter, Attila"]
[Result "1/2-1/2"]
[WhiteElo "2314"]
[BlackElo "2511"]
[PlyCount "28"]
[EventDate "2006.08.19"]

1. e4 c6 2. c4 d5 3. cxd5 cxd5 4. exd5 Nf6 5. Qa4+ Bd7 6. Qb3 Na6 7. Nc3 Nc5 8.
Qd1 g6 9. Nf3 Bg7 10. Bc4 O-O 11. O-O a6 12. d4 Nce4 13. Nxe4 Nxe4 14. Ne5 Nd6
1/2-1/2

[Event "XXVI Festival Conca della Presolana A"]
[Site "Bratto - Castione della Presolana ITA"]
[Date "2006.08.27"]
[Round "9"]
[White "Fontana, Enrico"]
[Black "Nardi, Marco"]
[Result "1-0"]
[WhiteElo "2122"]
[BlackElo "2045"]
[PlyCount "89"]
[EventDate "2006.08.19"]

1. d4 d5 2. Nc3 Nf6 3. Bg5 Bf5 4. f3 Nbd7 5. Nxd5 Nxd5 6. e4 h6 7. Bh4 Ne3 8.
Qd3 Nxf1 9. exf5 Nxh2 10. Rxh2 Nf6 11. Ne2 Qd6 12. Bg3 Qb4+ 13. c3 Qa5 14. b4
Qb6 15. a4 a5 16. Qb5+ Nd7 17. Qxb6 Nxb6 18. bxa5 Nd5 19. Kf2 Kd7 20. c4 Nf6
21. Be5 Ne8 22. Rhh1 Rxa5 23. Rhb1 b6 24. Rb5 Nd6 25. Rxa5 bxa5 26. Bxd6 exd6
27. Rb1 Be7 28. Rb5 Ra8 29. d5 Bf6 30. Ke3 Be5 31. g4 Ra7 32. Kd3 Ra8 33. f4
Bf6 34. Nc1 Bh4 35. Nb3 Be1 36. Nd4 Bf2 37. Nc6 Bb6 38. Rb2 Re8 39. Re2 Rf8 40.
Re7+ Kc8 41. Ke4 Kb7 42. Rxf7 Rxf7 43. Nd8+ Ka6 44. Nxf7 Bf2 45. Nd8 1-0

[Event "XXVI Festival Conca della Presolana A"]
[Site "Bratto - Castione della Presolana ITA"]
[Date "2006.08.27"]
[Round "9"]
[White "Forato, Enrico"]
[Black "Cugini, Verter"]
[Result "1/2-1/2"]
[WhiteElo "1949"]
[BlackElo "2209"]
[PlyCount "39"]
[EventDate "2006.08.19"]

1. d4 d6 2. e4 Nf6 3. Nc3 g6 4. Be3 Bg7 5. f3 O-O 6. Qd2 Re8 7. O-O-O c6 8. g4
Qa5 9. Kb1 b5 10. h4 h5 11. gxh5 Nxh5 12. Nh3 b4 13. Ne2 Nd7 14. Nhf4 Ndf6 15.
Rg1 Ba6 16. Nxh5 Nxh5 17. Nf4 Nxf4 18. Bxf4 Bxf1 19. Rdxf1 e5 20. dxe5 1/2-1/2

[Event "XXVI Festival Conca della Presolana A"]
[Site "Bratto - Castione della Presolana ITA"]
[Date "2006.08.27"]
[Round "9"]
[White "Frilli, Guido"]
[Black "Piemonti, Carlo"]
[Result "1-0"]
[WhiteElo "2154"]
[BlackElo "2058"]
[PlyCount "65"]
[EventDate "2006.08.19"]

1. e4 c5 2. c3 d5 3. exd5 Qxd5 4. d4 Nf6 5. Nf3 Bg4 6. Be2 e6 7. h3 Bh5 8. O-O
Nc6 9. Be3 cxd4 10. cxd4 Be7 11. Nc3 Qd7 12. g4 Bg6 13. Ne5 Qc8 14. Bf3 O-O 15.
Qb3 Rb8 16. Rac1 Qc7 17. Nb5 Qa5 18. Bf4 Be4 19. Bxe4 Nxe5 20. Bg2 Ng6 21. Bxb8
Rxb8 22. Qc4 Rd8 23. Rfe1 Nf4 24. Nc3 Nxg2 25. Kxg2 h5 26. Re5 Qb6 27. d5 hxg4
28. hxg4 Bd6 29. Re2 exd5 30. Qa4 g6 31. g5 Nh5 32. Nxd5 Nf4+ 33. Nxf4 1-0

[Event "XXVI Festival Conca della Presolana A"]
[Site "Bratto - Castione della Presolana ITA"]
[Date "2006.08.27"]
[Round "9"]
[White "Gangemi, Salvatore"]
[Black "Beccaris, Gabriele"]
[Result "0-1"]
[WhiteElo "2077"]
[BlackElo "2025"]
[PlyCount "80"]
[EventDate "2006.08.19"]

1. c4 Nf6 2. g3 g6 3. Bg2 Bg7 4. Nc3 O-O 5. e4 e5 6. Nge2 c5 7. O-O d6 8. h3
Nc6 9. d3 Nd4 10. Bd2 a6 11. a4 Rb8 12. Rb1 Bd7 13. f4 b5 14. fxe5 dxe5 15.
axb5 axb5 16. Nxd4 exd4 17. Nd5 Nxd5 18. cxd5 c4 19. Bb4 Re8 20. g4 Be5 21. Qf3
f6 22. Rf2 Ra8 23. Rc2 Rc8 24. Rbc1 Qb6 25. Kh1 Qa6 26. Bf1 Qa4 27. Be1 Qb3 28.
Qe2 Bf4 29. Qf3 Bxc1 30. Rxc1 cxd3 31. Rd1 Qxb2 32. Bxd3 Rc1 33. Bh4 Rxd1+ 34.
Qxd1 Rc8 35. Qf3 Rc1+ 36. Bf1 Qa1 37. Kg1 b4 38. Bxf6 b3 39. Kg2 Rxf1 40. Qxb3
Rxf6 0-1

[Event "XXVI Festival Conca della Presolana A"]
[Site "Bratto - Castione della Presolana ITA"]
[Date "2006.08.27"]
[Round "9"]
[White "Gazzarri, Alberto"]
[Black "Capece, Adolivio"]
[Result "1/2-1/2"]
[WhiteElo "2143"]
[BlackElo "2041"]
[PlyCount "36"]
[EventDate "2006.08.19"]

1. e4 c5 2. c3 Qa5 3. Na3 g6 4. Nc4 Qc7 5. d4 Bg7 6. Be3 Nf6 7. f3 d5 8. e5
Nfd7 9. Na3 a6 10. Qd2 Nc6 11. f4 c4 12. Nf3 b5 13. Be2 e6 14. O-O Ne7 15. Bf2
Bb7 16. Nc2 Bc6 17. Bh4 Nf5 18. Bf2 Ne7 1/2-1/2

[Event "XXVI Festival Conca della Presolana A"]
[Site "Bratto - Castione della Presolana ITA"]
[Date "2006.08.27"]
[Round "9"]
[White "Godena, Michele"]
[Black "De Santis, Alessio"]
[Result "1-0"]
[WhiteElo "2528"]
[BlackElo "2337"]
[PlyCount "63"]
[EventDate "2006.08.19"]

1. e4 g6 2. d4 Bg7 3. c3 d6 4. Nf3 Nd7 5. Bd3 a6 6. Nbd2 e6 7. Qe2 Ne7 8. e5 d5
9. h4 c5 10. h5 Qb6 11. Qe3 Nf5 12. Qf4 cxd4 13. hxg6 fxg6 14. cxd4 h5 15. Bxf5
exf5 16. Nb3 a5 17. O-O a4 18. Nc5 Nxc5 19. dxc5 Qxc5 20. Qg3 Ra6 21. Be3 Qa5
22. Rac1 O-O 23. Bc5 f4 24. Qg5 Rf5 25. Qe7 Re6 26. Bb4 Rxe7 27. Rxc8+ Kf7 28.
Bxa5 Bxe5 29. Bb4 Rd7 30. Rf8+ Ke6 31. Re1 Rxf8 32. Bxf8 1-0

[Event "XXVI Festival Conca della Presolana A"]
[Site "Bratto - Castione della Presolana ITA"]
[Date "2006.08.27"]
[Round "9"]
[White "Johansson, Alexander"]
[Black "Piantoni, Roberto"]
[Result "1-0"]
[WhiteElo "1921"]
[BlackElo "2160"]
[PlyCount "69"]
[EventDate "2006.08.19"]

1. d4 Nf6 2. Nf3 c5 3. d5 b5 4. Bg5 Qb6 5. c3 Ne4 6. Bf4 Qf6 7. e3 b4 8. Bd3
bxc3 9. Be5 Qb6 10. Nxc3 Nxc3 11. Bxc3 Ba6 12. O-O Bxd3 13. Qxd3 Qa6 14. Qe4 d6
15. Ng5 h6 16. Qh4 Nd7 17. Qh5 g6 18. Qf3 hxg5 19. Bxh8 f6 20. Qe4 Ne5 21. f4
gxf4 22. exf4 Qd3 23. Qa4+ Nd7 24. Qc6 Qd4+ 25. Kh1 Rb8 26. Rae1 Kd8 27. b3 Bh6
28. f5 gxf5 29. Rxf5 Qh4 30. Ref1 Ne5 31. Rxe5 fxe5 32. Bf6 exf6 33. Qxd6+ Ke8
34. Qxb8+ Kf7 35. Qxe5 1-0

[Event "XXVI Festival Conca della Presolana A"]
[Site "Bratto - Castione della Presolana ITA"]
[Date "2006.08.27"]
[Round "9"]
[White "Lanzani, Mario"]
[Black "Di Fonzo, Valerio"]
[Result "1-0"]
[WhiteElo "2331"]
[BlackElo "2202"]
[PlyCount "87"]
[EventDate "2006.08.19"]

1. e4 Nc6 2. d4 e5 3. d5 Nce7 4. Nf3 Ng6 5. h4 h5 6. Bg5 Nf6 7. g3 Be7 8. Nc3
d6 9. Bb5+ Nd7 10. Be2 Bxg5 11. Nxg5 Nf6 12. Qd2 Bd7 13. a4 a6 14. a5 Qe7 15.
f3 Rd8 16. Qe3 Nh7 17. f4 Nf6 18. f5 Nf8 19. O-O Bc8 20. b4 N8d7 21. Na4 Ng4
22. Bxg4 hxg4 23. c4 Nf6 24. b5 O-O 25. bxa6 bxa6 26. c5 g6 27. fxg6 fxg6 28.
c6 Nh5 29. Rxf8+ Rxf8 30. Rf1 Rxf1+ 31. Kxf1 Qf8+ 32. Kg1 Ng7 33. Qf2 Qxf2+ 34.
Kxf2 Ne8 35. Nb6 cxb6 36. axb6 Nf6 37. b7 Bxb7 38. cxb7 Nd7 39. Ne6 a5 40. Ke2
a4 41. Kd2 a3 42. Kc2 Kf7 43. Nd8+ Ke8 44. Nc6 1-0

[Event "XXVI Festival Conca della Presolana A"]
[Site "Bratto - Castione della Presolana ITA"]
[Date "2006.08.27"]
[Round "9"]
[White "Lapenna, Antonio"]
[Black "Efimov, Igor"]
[Result "0-1"]
[WhiteElo "2079"]
[BlackElo "2439"]
[PlyCount "64"]
[EventDate "2006.08.19"]

1. e4 c5 2. Nf3 b6 3. d4 cxd4 4. Nxd4 Bb7 5. Nc3 a6 6. a4 e6 7. Bd3 Bc5 8. Be3
d6 9. O-O Nf6 10. Kh1 Nbd7 11. f4 h5 12. Qe1 h4 13. h3 Nh5 14. Rf3 e5 15. Nf5
g6 16. Bxc5 Nxc5 17. Ne3 Nxf4 18. Ned5 Bxd5 19. Nxd5 Nxd5 20. exd5 f5 21. g4
hxg3 22. Qxg3 Qf6 23. b4 Nd7 24. Rg1 Rh6 25. Qf2 Ke7 26. Bxf5 gxf5 27. Rxf5
Rxh3+ 28. Kg2 Rg8+ 29. Kf1 Rxg1+ 30. Kxg1 Qg6+ 31. Kf1 Rh1+ 32. Ke2 Qg4+ 0-1

[Event "XXVI Festival Conca della Presolana A"]
[Site "Bratto - Castione della Presolana ITA"]
[Date "2006.08.27"]
[Round "9"]
[White "Maccagno, Giancarlo"]
[Black "Castaldo, Folco"]
[Result "0-1"]
[WhiteElo "2093"]
[BlackElo "2336"]
[PlyCount "50"]
[EventDate "2006.08.19"]

1. e4 e6 2. d4 d5 3. e5 c5 4. c3 Qb6 5. Nf3 Nc6 6. a3 Nh6 7. Bd3 cxd4 8. O-O
Bd7 9. cxd4 Nxd4 10. Nxd4 Qxd4 11. Nc3 a6 12. Qe2 Ng4 13. h3 Nxe5 14. Bc2 Nc4
15. Bg5 Bd6 16. Rfd1 Qe5 17. Qxe5 Bxe5 18. Re1 O-O 19. Na4 Rac8 20. Rac1 f6 21.
b3 Nxa3 22. Nb6 Nxc2 23. Rxc2 Rxc2 24. Nxd7 fxg5 25. Nxf8 Bd4 0-1

[Event "XXVI Festival Conca della Presolana A"]
[Site "Bratto - Castione della Presolana ITA"]
[Date "2006.08.27"]
[Round "9"]
[White "Magrini, Fabrizio"]
[Black "Voltolini, Giuseppe"]
[Result "1/2-1/2"]
[WhiteElo "2119"]
[BlackElo "2216"]
[PlyCount "118"]
[EventDate "2006.08.19"]

1. e4 c5 2. Nf3 Nc6 3. d4 cxd4 4. Nxd4 Nf6 5. Nc3 d6 6. Bg5 e6 7. Qd2 a6 8.
O-O-O Bd7 9. f4 b5 10. Nxc6 Bxc6 11. Bd3 Qa5 12. Kb1 b4 13. Bxf6 gxf6 14. Ne2
Qc5 15. Rhf1 a5 16. f5 e5 17. b3 h5 18. Qe1 Bh6 19. Rf3 a4 20. Rh3 Ke7 21. Nc1
Rhg8 22. Qg1 Bxc1 23. Rxc1 Qc3 24. Qe1 axb3 25. cxb3 Qxe1 26. Rxe1 Rxg2 27. Rc1
Rgxa2 28. Rxh5 Ra1+ 29. Kc2 Rxc1+ 30. Kxc1 Rg8 31. Kd2 Rg4 32. Ke3 d5 33. exd5
Bxd5 34. Bc2 Rg2 35. Bd1 Rb2 36. Rh4 e4 37. Be2 Rxb3+ 38. Kd4 Bb7 39. Bc4 Rc3
40. Rh7 Kd6 41. Rh6 Rxc4+ 42. Kxc4 Ke5 43. Kxb4 Kxf5 44. h4 Ba6 45. h5 Be2 46.
Rh8 Bf3 47. h6 Kg5 48. Kc3 f5 49. Kd4 Bh5 50. Rg8+ Kxh6 51. Ke3 Bg4 52. Kf4 Kh7
53. Rb8 Kg7 54. Rb6 Kf8 55. Rb7 Ke8 56. Ra7 Bd1 57. Ra5 Bg4 58. Ra7 Kf8 59. Rb7
Kg7 1/2-1/2

[Event "XXVI Festival Conca della Presolana A"]
[Site "Bratto - Castione della Presolana ITA"]
[Date "2006.08.27"]
[Round "9"]
[White "Mantovani, Renzo"]
[Black "Lampl, Gerald"]
[Result "1-0"]
[WhiteElo "2370"]
[BlackElo "1826"]
[PlyCount "119"]
[EventDate "2006.08.19"]

1. e4 c5 2. d4 cxd4 3. c3 d3 4. Nf3 d6 5. Bxd3 Nf6 6. Bg5 e6 7. Nbd2 Be7 8. O-O
O-O 9. Qe2 Nbd7 10. Rfd1 Qc7 11. Bc2 a6 12. a4 b6 13. Qc4 Qb8 14. Nd4 Bb7 15.
Qe2 d5 16. Re1 dxe4 17. Nxe4 h6 18. Bh4 Qf4 19. Bg3 Qg4 20. Qxg4 Nxg4 21. Rad1
Nc5 22. Nd6 Bd5 23. b4 Nb7 24. Nxb7 Bxb7 25. Nxe6 fxe6 26. Rd7 Bxb4 27. cxb4
Bd5 28. Be4 Bxe4 29. Rxe4 Nf6 30. Rdd4 Nxe4 31. Rxe4 Rac8 32. h4 Kf7 33. h5
Rc1+ 34. Kh2 Rfc8 35. Rd4 R1c4 36. Rd7+ Kf6 37. Bd6 Rh4+ 38. Kg3 Rxh5 39. f4
Rd5 40. Be5+ Kf5 41. Rf7+ Ke4 42. Rxg7 Rc4 43. Re7 Rc6 44. Kg4 Kd3 45. Kh5 Kc4
46. Kxh6 Rd8 47. g4 Kxb4 48. g5 Kc5 49. g6 b5 50. g7 b4 51. Kh7 b3 52. Rb7 Rcc8
53. Rxb3 Ra8 54. a5 Re8 55. Rg3 Rg8 56. Kg6 Ra7 57. Rh3 Raa8 58. Rh8 Kb5 59.
Rxg8 Rxg8 60. Kf7 1-0

[Event "XXVI Festival Conca della Presolana A"]
[Site "Bratto - Castione della Presolana ITA"]
[Date "2006.08.27"]
[Round "9"]
[White "Miatello, Alberto"]
[Black "Vinzoni, Andrea"]
[Result "1-0"]
[WhiteElo "2082"]
[BlackElo "2116"]
[PlyCount "71"]
[EventDate "2006.08.19"]

1. e4 e6 2. d4 d5 3. e5 c5 4. c3 Nc6 5. Nf3 Qb6 6. a3 Nh6 7. b4 cxd4 8. cxd4
Nf5 9. Be3 Be7 10. Nc3 Bd7 11. Na4 Qd8 12. Rc1 a5 13. b5 Na7 14. Qb3 O-O 15.
Bd3 Nxe3 16. fxe3 Rc8 17. Kd2 Rxc1 18. Rxc1 Qb8 19. Nc5 Bxc5 20. dxc5 f6 21.
exf6 Rxf6 22. a4 Be8 23. Qc3 Rxf3 24. gxf3 Qxh2+ 25. Be2 Nc8 26. Qxa5 Ne7 27.
Qd8 Kf7 28. Qd6 Qh4 29. Qf4+ Qf6 30. Qxf6+ Kxf6 31. c6 b6 32. a5 bxa5 33. Ra1
a4 34. Rxa4 e5 35. Ra8 Bf7 36. Rf8 1-0

[Event "XXVI Festival Conca della Presolana A"]
[Site "Bratto - Castione della Presolana ITA"]
[Date "2006.08.27"]
[Round "9"]
[White "Milazzo, Mario"]
[Black "Rorato, Giovanni Riccardo"]
[Result "1/2-1/2"]
[WhiteElo "2110"]
[BlackElo "2057"]
[PlyCount "94"]
[EventDate "2006.08.19"]

1. e4 e5 2. Nf3 Nc6 3. Bc4 Nf6 4. d4 exd4 5. O-O Nxe4 6. Re1 d5 7. Bxd5 Qxd5 8.
Nc3 Qd8 9. Nxe4 Be7 10. Bg5 Be6 11. Bxe7 Qxe7 12. Nxd4 Nxd4 13. Qxd4 O-O 14.
Nc5 b6 15. Nxe6 fxe6 16. Qe4 Rae8 17. c3 Qg5 18. Rad1 Qf5 19. f3 Qxe4 20. Rxe4
Re7 21. Kf2 Rf5 22. Ke3 Kf7 23. g4 Rb5 24. b3 a5 25. h4 c6 26. Rd8 e5 27. Rc8
Rc5 28. c4 Ke6 29. Rb8 b5 30. f4 bxc4 31. f5+ Kf7 32. bxc4 g6 33. fxg6+ hxg6
34. Rh8 Kg7 35. Rd8 Kf7 36. Kf3 Kg7 37. g5 Rf7+ 38. Kg4 Rf1 39. Re8 Rc1 40.
Re7+ Kf8 41. R7xe5 R5xc4 42. Rf4+ Rxf4+ 43. Kxf4 Rc4+ 44. Re4 Rc5 45. Ke3 Kf7
46. Kd4 Rf5 47. Kc4 Rf3 1/2-1/2

[Event "XXVI Festival Conca della Presolana A"]
[Site "Bratto - Castione della Presolana ITA"]
[Date "2006.08.27"]
[Round "9"]
[White "Mola, Pietro"]
[Black "Salvador, Roland"]
[Result "0-1"]
[WhiteElo "2279"]
[BlackElo "2420"]
[PlyCount "90"]
[EventDate "2006.08.19"]

1. Nf3 c5 2. c4 Nc6 3. Nc3 g6 4. e3 Bg7 5. d4 Nh6 6. d5 Na5 7. e4 d6 8. Be2 O-O
9. O-O a6 10. Bd2 Rb8 11. Rb1 Bd7 12. h3 f5 13. e5 dxe5 14. Nxe5 Bxe5 15. Bxh6
Re8 16. Be3 Qc7 17. Qc2 f4 18. Bd2 b5 19. b3 bxc4 20. bxc4 f3 21. Bd3 Bxh3 22.
gxf3 Bd4 23. Ne4 Bxf1 24. Bxf1 Rxb1 25. Qxb1 Rf8 26. Qd3 Nb7 27. Bh3 Qe5 28.
Bh6 Rb8 29. Kg2 Nd6 30. Be6+ Kh8 31. Nxd6 exd6 32. Bc1 Qe1 33. Qd2 Qxd2 34.
Bxd2 Rb2 35. Bf4 Rxa2 36. Bxd6 Rxf2+ 37. Kg3 Re2 38. f4 Rxe6 39. dxe6 Kg7 40.
Kf3 a5 41. Ke4 a4 42. Kd5 a3 43. Ke4 a2 44. e7 a1=Q 45. e8=N+ Kf7 0-1

[Event "XXVI Festival Conca della Presolana A"]
[Site "Bratto - Castione della Presolana ITA"]
[Date "2006.08.27"]
[Round "9"]
[White "Nardelli, Marco"]
[Black "Napoli, Nicolo'"]
[Result "1/2-1/2"]
[WhiteElo "2123"]
[BlackElo "2216"]
[PlyCount "101"]
[EventDate "2006.08.19"]

1. e4 g6 2. d4 Bg7 3. Nc3 c6 4. f4 d5 5. e5 Nh6 6. Nf3 Bg4 7. Be2 f6 8. Be3 Qb6
9. Na4 Qa5+ 10. c3 Nd7 11. b4 Qc7 12. h3 Bxf3 13. Bxf3 O-O 14. O-O Nb6 15. Nc5
Nc4 16. Bf2 Qc8 17. Be2 b6 18. Bxc4 bxc5 19. Bd3 c4 20. Bc2 a5 21. a3 Qb7 22.
Qd2 Ra7 23. g4 Qd7 24. Be3 Nf7 25. f5 fxe5 26. fxg6 hxg6 27. Bxg6 axb4 28.
Bxf7+ Rxf7 29. Rxf7 Kxf7 30. Rf1+ Kg8 31. axb4 Qe6 32. dxe5 Ra8 33. Bd4 Qg6 34.
Qg2 Qg5 35. b5 Bxe5 36. Bxe5 Qxe5 37. bxc6 Qe3+ 38. Kh1 e6 39. Qf3 Qxf3+ 40.
Rxf3 Rc8 41. Kg2 Rxc6 42. Kf2 d4 43. Ke2 e5 44. Rf5 Re6 45. Kd2 d3 46. Ke3 Rh6
47. Rf3 e4 48. Rg3 Rd6 49. Rg1 d2 50. Rd1 Rd3+ 51. Kxe4 1/2-1/2

[Event "XXVI Festival Conca della Presolana A"]
[Site "Bratto - Castione della Presolana ITA"]
[Date "2006.08.27"]
[Round "9"]
[White "Orsi, Massimiliano"]
[Black "Novelli, Cristiano"]
[Result "1/2-1/2"]
[WhiteElo "2025"]
[BlackElo "2145"]
[PlyCount "42"]
[EventDate "2006.08.19"]

1. e4 e5 2. f4 exf4 3. Nf3 Be7 4. Nc3 Bh4+ 5. Ke2 d5 6. Nxd5 Bg4 7. h3 Bh5 8.
d3 g5 9. Kd2 c6 10. Nc3 Qb6 11. Qe2 Nd7 12. a4 a5 13. b3 Bf2 14. Nd1 Bd4 15. c3
Bg7 16. Kc2 O-O-O 17. Qf2 Nc5 18. Rb1 h6 19. Ba3 Nd7 20. Qxb6 Nxb6 21. Bc5 Nd7
1/2-1/2

[Event "XXVI Festival Conca della Presolana A"]
[Site "Bratto - Castione della Presolana ITA"]
[Date "2006.08.27"]
[Round "9"]
[White "Pace, Pietro Dario"]
[Black "Sbarra, Marco"]
[Result "0-1"]
[WhiteElo "2228"]
[BlackElo "2290"]
[PlyCount "92"]
[EventDate "2006.08.19"]

1. e4 e5 2. Nf3 Nc6 3. Bb5 a6 4. Ba4 Nf6 5. O-O b5 6. Bb3 Bc5 7. d3 d6 8. c3
O-O 9. Nbd2 Be6 10. Bc2 d5 11. h3 h6 12. Re1 Re8 13. Qe2 Qd6 14. Nh4 Rad8 15.
Nb3 d4 16. Qf3 Nh7 17. Qg3 Kh8 18. Nf5 Bxf5 19. exf5 Bb6 20. Nd2 Nf6 21. a3 Qd7
22. Qf3 Qd5 23. Re4 dxc3 24. bxc3 a5 25. Qg3 Qd7 26. Qf3 b4 27. axb4 axb4 28.
Ba4 bxc3 29. Nb3 Nxe4 30. Qxe4 Qxd3 31. Qxd3 Rxd3 32. Bxc6 Rd1+ 33. Kh2 Red8
34. f3 h5 35. Kg3 Rf1 36. Ra2 Rdd1 37. Rc2 Bf2+ 38. Rxf2 h4+ 39. Kxh4 Rxf2 40.
g4 Rb2 41. Bxb2 cxb2 42. Be4 b1=Q 43. Bxb1 Rxb1 44. Nd2 Rg1 45. Ne4 Kg8 46. Kg5
Rf1 0-1

[Event "XXVI Festival Conca della Presolana A"]
[Site "Bratto - Castione della Presolana ITA"]
[Date "2006.08.27"]
[Round "9"]
[White "Paolinelli, Giacomo"]
[Black "Lovati, Paolo"]
[Result "0-1"]
[WhiteElo "2023"]
[BlackElo "2069"]
[PlyCount "106"]
[EventDate "2006.08.19"]

1. e4 d6 2. d4 Nf6 3. Nc3 c6 4. g3 Nbd7 5. Bg2 e5 6. Nge2 Be7 7. h3 O-O 8. Be3
a6 9. a4 b6 10. O-O Rb8 11. g4 Ne8 12. Qd2 b5 13. axb5 axb5 14. Ng3 g6 15. f4
Nb6 16. b3 Nc7 17. f5 b4 18. Nd1 Nb5 19. Qf2 exd4 20. Bh6 Bg5 21. Bxf8 Qxf8 22.
fxg6 hxg6 23. Ne2 c5 24. Nf4 Bb7 25. h4 Bxf4 26. Qxf4 d3 27. cxd3 Nd4 28. Qf2
Nxb3 29. Rb1 Nd4 30. Ne3 Ba6 31. Rfd1 Bb5 32. g5 Bd7 33. Bf3 Qe7 34. Bg4 Be6
35. Qg2 Kg7 36. Bxe6 Qxe6 37. Rf1 Nd7 38. Nc4 Rh8 39. Rf4 Nc6 40. Rbf1 Nce5 41.
Nxe5 Nxe5 42. Rf6 Qb3 43. Qg3 Qc3 44. Rxd6 c4 45. Qf2 cxd3 46. Rd4 Nf3+ 47.
Qxf3 Qxd4+ 48. Kg2 Rf8 49. h5 gxh5 50. g6 f6 51. Kh1 Re8 52. e5 Qxe5 53. Kg1
Qe3+ 0-1

[Event "XXVI Festival Conca della Presolana A"]
[Site "Bratto - Castione della Presolana ITA"]
[Date "2006.08.27"]
[Round "9"]
[White "Pegoraro, Nicola"]
[Black "Bonazzi, Edoardo"]
[Result "1-0"]
[WhiteElo "2047"]
[BlackElo "2151"]
[PlyCount "57"]
[EventDate "2006.08.19"]

1. e4 c6 2. d4 d5 3. Nc3 dxe4 4. Bc4 Nf6 5. f3 e3 6. Bxe3 Bf5 7. Nge2 e6 8. Bd3
Bxd3 9. Qxd3 Nbd7 10. O-O-O Qa5 11. Kb1 Be7 12. Ne4 O-O 13. Bd2 Qb6 14. h4 c5
15. Be3 cxd4 16. Bxd4 Qc7 17. N2c3 a6 18. Ng5 Bc5 19. Bxf6 Nxf6 20. Nce4 Nxe4
21. Qxe4 g6 22. h5 Rfd8 23. hxg6 Rxd1+ 24. Rxd1 hxg6 25. Qh4 Kg7 26. Qh7+ Kf6
27. Ne4+ Ke7 28. Qh4+ Ke8 29. Nf6+ 1-0

[Event "XXVI Festival Conca della Presolana A"]
[Site "Bratto - Castione della Presolana ITA"]
[Date "2006.08.27"]
[Round "9"]
[White "Podini, Francesco"]
[Black "Pesce, Gabriele"]
[Result "1/2-1/2"]
[WhiteElo "2069"]
[BlackElo "2006"]
[PlyCount "40"]
[EventDate "2006.08.19"]

1. e4 c5 2. Nc3 Nc6 3. f4 g6 4. Nf3 Bg7 5. Bc4 e6 6. O-O Nge7 7. Bb3 d5 8. d3
O-O 9. Qe1 Nd4 10. f5 Nxf3+ 11. Rxf3 gxf5 12. Qh4 Ng6 13. Qxd8 Rxd8 14. exd5
Bxc3 15. bxc3 exd5 16. Bg5 Rd6 17. Re1 Be6 18. c4 dxc4 19. Bxc4 Bxc4 20. dxc4
f4 1/2-1/2

[Event "XXVI Festival Conca della Presolana A"]
[Site "Bratto - Castione della Presolana ITA"]
[Date "2006.08.27"]
[Round "9"]
[White "Pulvirenti, Gianni"]
[Black "Ranfagni, Stefano"]
[Result "1/2-1/2"]
[WhiteElo "1970"]
[BlackElo "2016"]
[PlyCount "110"]
[EventDate "2006.08.19"]

1. c4 e6 2. Nf3 f5 3. g3 Nf6 4. Bg2 Be7 5. Nc3 O-O 6. O-O d6 7. d3 e5 8. b4 Qe8
9. b5 Nbd7 10. a4 Nc5 11. Nd2 Rb8 12. Ba3 Ne6 13. Rb1 f4 14. Nd5 Bd8 15. e3 Qg6
16. Qe2 Kh8 17. Ne4 Nxd5 18. cxd5 Ng5 19. Nxg5 Bxg5 20. Rbc1 Qf7 21. exf4 exf4
22. gxf4 Bxf4 23. Rc4 Qg6 24. Kh1 Bg4 25. f3 Bh5 26. Bh3 Rbe8 27. Be6 Qg5 28.
Bb2 Be3 29. Qg2 Rxf3 30. Bxg7+ Qxg7 31. Qxg7+ Kxg7 32. Rxc7+ Kh6 33. Re1 Ref8
34. h4 Rf1+ 35. Rxf1 Rxf1+ 36. Kg2 Rf2+ 37. Kg3 Rf3+ 38. Kg2 Rf2+ 39. Kg3 Rf6
40. Rxb7 Rg6+ 41. Kh3 Bf3 42. Rf7 Bg2+ 43. Kh2 Bd4 44. Bf5 Bxd5 45. Bxg6 Kxg6
46. Rd7 Be5+ 47. Kg1 Be6 48. Rb7 Bf5 49. Kg2 Bd4 50. Kf3 Bxd3 51. a5 Kh5 52. b6
axb6 53. axb6 Kxh4 54. Rd7 Bxb6 55. Rxd6 Bg6 1/2-1/2

[Event "XXVI Festival Conca della Presolana A"]
[Site "Bratto - Castione della Presolana ITA"]
[Date "2006.08.27"]
[Round "9"]
[White "Ricca, Giorgio"]
[Black "Gasperoni, Stefano"]
[Result "0-1"]
[WhiteElo "2078"]
[BlackElo "2009"]
[PlyCount "52"]
[EventDate "2006.08.19"]

1. e4 e5 2. f4 exf4 3. Nf3 d5 4. exd5 Nf6 5. Bc4 Nxd5 6. Nc3 Nxc3 7. bxc3 Bd6
8. O-O O-O 9. d4 Be6 10. Bd3 Bg4 11. Rb1 b6 12. c4 Nd7 13. Be4 Rc8 14. c3 Nf6
15. Bd3 Re8 16. Qc2 h6 17. Bd2 Qd7 18. h3 Be6 19. d5 Bxh3 20. gxh3 Qxh3 21. Be1
Bc5+ 22. Nd4 Re5 23. Rf2 Rg5+ 24. Rg2 Rxg2+ 25. Qxg2 Qxd3 26. Rc1 Qe3+ 0-1